| 000 -LEADER |
| fixed length control field |
00710nam a22001337a 4500 |
| 040 ## - CATALOGING SOURCE |
| Transcribing agency |
RUA |
| 082 ## - DEWEY DECIMAL CLASSIFICATION NUMBER |
| Classification number |
AGR EM 2003 B029 Or.1 |
| 100 ## - MAIN ENTRY--AUTHOR NAME |
| Personal name |
EM SOPHEAK |
| 245 ## - TITLE STATEMENT |
| Title |
Response of mungbean to n,p and k application on sandy soil of the lowlands,(ការឆ្លើនតបនៃដំណាំសណ្ដែកបាយក្នុងការប្រើប្រាស់ ជីជាតិ អិន ប៉េ និងកានៅលើដីខ្សាច់ខ្សត់ជីជាតិនៃតំបន់ទំនាប) |
| 260 ## - PUBLICATION, DISTRIBUTION, ETC. (IMPRINT) |
| Place of publication |
phnom penh |
| Name of publisher |
RUA |
| Year of publication |
2003 |
| 300 ## - PHYSICAL DESCRIPTION |
| Number of Pages |
42p. |
| Dimensions |
ill. |
| 856 ## - ELECTRONIC LOCATION AND ACCESS |
| Uniform Resource Identifier |
https://drive.google.com/file/d/1v94CQlIOtwFwwskB5QUJfaavHCcXgK6F/view?usp=sharing |
| 942 ## - ADDED ENTRY ELEMENTS (KOHA) |
| Koha item type |
AGR |
| 952 ## - LOCATION AND ITEM INFORMATION (KOHA) |
| Withdrawn status [LOCAL, KOHA] |
0 |
| 952 ## - LOCATION AND ITEM INFORMATION (KOHA) |
| Withdrawn status [LOCAL, KOHA] |
0 |
| 952 ## - LOCATION AND ITEM INFORMATION (KOHA) |
| Withdrawn status [LOCAL, KOHA] |
0 |